| 000 | 00360nam a2200145Ia 4500 | ||
|---|---|---|---|
| 008 | 150201s2007 xx 000 0 und d | ||
| 082 |
_a617.692 _bC2007R |
||
| 100 | _aROSENSTIEL,STEPHEN | ||
| 245 | _aCONTEMPORARY FIXED PROSTHODONTICS | ||
| 250 | _a4TH | ||
| 260 |
_bMOSBY _aDELHI _c2007 |
||
| 300 | _a1-1130 | ||
| 650 | _aPROSTHODONTICS | ||
| 942 |
_2ddc _cBK _025 |
||
| 999 |
_c3677 _d3677 |
||